• 首页
  • 本馆介绍
  • 公告通知
  • 最新文献
  • 馆藏检索
  • 电子资源
  • 读者导购
  • 参考咨询
  • 我的图书馆
  • 登录
  • 详细信息显示
  • 放入我的书架
  • 预约/预借图书
  • 作者相关作品
  • 分类相关作品
  • 丛书相关作品
  • 出版社相关作品

书目信息

  • 表格格式
  • 工作单格式
  • 卡片格式
题名:
中国百年畅销书
    
 
作者: 徐丽芳 编著
分册:  
出版信息: 西安   陕西师范大学出版社  2001
页数: 410页
开本: 20cm
丛书名: 世纪阅读文库
单 册:
中图分类: Z835
科图分类:
主题词: 畅销书--出版工作--文化史--中国--20世纪
电子资源:
ISBN: 7-5613-2296-8
000 00635nam0 2200217 45
001 0310010230
005 20051101094839.79
010    @a7-5613-2296-8@dCNY21.00
092    @aCN
100    @a20031001d2001 km y0chiy0120 ea
101 0  @achi
200 1  @a中国百年畅销书@AZhong Guo Bai Nian Chang Xiao Shu@f徐丽芳等编著@FXu Li Fang Deng Bian Zhu
210    @a西安@c陕西师范大学出版社@d2001
215    @a410页@d20cm
225    @a世纪阅读文库@v4
410    @12001 @a世纪阅读文库
606 0  @a畅销书@x出版工作@x文化史@y中国@z20世纪
690    @aZ835@v4
701  0 @a徐丽芳@4编著
801    @aCN@bTSTC@c20051101
905    @a10447@dZ835@e30
    
    中国百年畅销书/徐丽芳等编著.-西安:陕西师范大学出版社,2001
    410页;20cm.-(世纪阅读文库;4)
    
    
    ISBN 7-5613-2296-8:CNY21.00
    
●
相关链接 在E读中查询图书 在五车中查询图书 在当当中查询图书 在豆瓣中查询图书


正题名:中国百年畅销书     索取号:Z835/30         预约/预借

序号 登录号 条形码 馆藏地/架位号 状态 备注
1 0326757   203267570   第三借阅区/ [索取号:Z835/30] 在馆    
2 0326758   203267589   第二样本阅览室/ [索取号:Z835/30] 在馆    
3 0337509   203375098   第三借阅区/ [索取号:Z835/30] 在馆    
4 0337511   203375114   第三借阅区/ [索取号:Z835/30] 在馆    
5 0337512   203375123   第三借阅区/ [索取号:Z835/30] 在馆    
6 0337513   203375132   第三借阅区/ [索取号:Z835/30] 在馆    
唐山师范学院图书馆 欢迎您!
大连网信软件有限公司© 版权所有